01033nam a2200277 a 45000010005000000030010000050050017000150080041000320200018000730400025000910800016001160900016001322450168001482600031003163000034003475040025003816500036004066500021004426500036004636500038004997000034005377000037005719420012006089520120006209990015007401113BR-CuiBMT20231128211003.0231101s2012 mtba 000 0 por d a9788532704351 aBR-CuiBMTcBR-CuiBMT a614.222007 a614.2bF72302aA formação dos gestores municipais de saúde :buma experiência político-pedagógica compartilhada /cElisete Duarte, Reni A. Barsaglini (organizadoras). aCuiabá :bEdUFMT,c2012. a365 p. :bil. color. ;c23 cm aInclui bibliografia. aSaúdexPolíticas públicas aSUSxMato Grosso aServiços de saúde pública aFormação de gestoresxSaúde aDuarte, Elisete,d1967-4org. aBarsaglini, Reni Aparecida4org. 2udccLV 00102udc4070aBIBTCEMTbBIBTCEMTd2023-11-28l0o614.2 F723pBIBTCEMT23111279r2023-11-28tEx. 1w2023-11-28yLV c1113d1113